[Event "CRO-chT2 Ost"]
[Site "Croatia"]
[Date "2016.04.16"]
[Round "2.32"]
[White "Spoljar, Marijan"]
[Black "Babic, Andrija"]
[Result "1-0"]
[WhiteElo "2237"]
[BlackElo "2069"]
[PlyCount "119"]
[EventDate "2016.04.16"]
[EventType "team-tourn"]
[EventRounds "11"]
[EventCountry "CRO"]
[SourceTitle "EXT 2019"]
[Source "ChessBase"]
[SourceDate "2018.10.10"]
[SourceVersion "1"]
[SourceVersionDate "2018.10.10"]
[SourceQuality "1"]

1. e4 c5 2. Nf3 d6 3. d4 cxd4 4. Nxd4 Nf6 5. Nc3 a6 6. f3 e6 7. Be3 b5 8. Qd2 Be7 9. g4 Bb7 10. 0-0-0 Nfd7 11. Kb1 Nb6 12. Bd3 N8d7 13. f4 b4 14. Nce2 d5 15. exd5 Nxd5 16. Rhf1 N7f6 17. g5 Nxe3 18. Qxe3 Nd5 19. Qh3 Qb6 20. g6 Bf6 21. gxf7+ Kxf7 22. Bc4 Rhe8 23. f5 e5 24. Nb3 Rad8 25. Qxh7 Ke7 26. Qg6 Rh8 27. Bxd5 Bxd5 28. Qg3 Bc4 29. Rxd8 Rxd8 30. Qg4 Qb5 31. Nbc1 a5 32. Re1 Kf8 33. Ng3 Rd4 34. Re4 a4 35. Rxd4 exd4 36. Ne4 Be5 37. Nd2 Bd5 38. Nd3 Bf6 39. Qg3 Qb7 40. Nf4 Bf7 41. Qf3 Qxf3 42. Nxf3 b3 43. cxb3 axb3 44. axb3 Bxb3 45. Kc1 Ke7 46. Kd2 Kd6 47. Kd3 Ba2 48. Nxd4 Bb1+ 49. Kc4 Be5 50. Nh5 Ba2+ 51. Kd3 Bb1+ 52. Kc4 Ba2+ 53. b3 Bxh2 54. Nxg7 Ke7 55. Nh5 Bd6 56. Nb5 Be5 57. Nc3 Bxc3 58. Kxc3 Bb1 59. Ng3 Kf6 60. Kd4 1-0

[Event "Bosnjaci op 21st"]
[Site "Bosnjaci"]
[Date "2016.01.04"]
[Round "3"]
[White "Babic, Andrija"]
[Black "Mutapcic, Ilija"]
[Result "1-0"]
[WhiteElo "2062"]
[BlackElo "1840"]
[PlyCount "65"]
[EventDate "2016.01.03"]
[EventType "swiss"]
[EventRounds "9"]
[EventCountry "CRO"]
[SourceTitle "CBM 170 Extra"]
[Source "ChessBase"]
[SourceDate "2016.02.25"]
[SourceVersion "1"]
[SourceVersionDate "2016.02.25"]
[SourceQuality "1"]

1. e4 e5 2. Nf3 Nf6 3. Nxe5 d6 4. Nf3 Nxe4 5. d4 d5 6. Bd3 Be7 7. 0-0 0-0 8. h3 Nc6 9. Nc3 f5 10. Qe2 Bf6 11. Be3 Re8 12. Nxd5 Bxd4 13. Nxd4 Nxd4 14. Bxd4 Ng3 15. Qf3 Nxf1 16. Rxf1 c6 17. Qg3 Re7 18. Nxe7+ Qxe7 19. Qe5 Qxe5 20. Bxe5 Be6 21. b3 b5 22. Rd1 Kf7 23. f4 h6 24. Kf2 g5 25. g4 fxg4 26. f5 Bd5 27. hxg4 Re8 28. Bd4 a6 29. Re1 Rd8 30. Bc5 Rd7 31. Re3 Kf6 32. Rh3 Ke5 33. Ke3 1-0

[Event "CRO-chT2 East"]
[Site "Croatia"]
[Date "2014.05.10"]
[Round "4.44"]
[White "Babic, Andrija"]
[Black "Golubic, Miroslav"]
[Result "1-0"]
[WhiteElo "2069"]
[BlackElo "2028"]
[PlyCount "85"]
[EventDate "2014.04.26"]
[EventType "team-tourn"]
[EventRounds "11"]
[EventCountry "CRO"]
[SourceTitle "EXT 2019"]
[Source "ChessBase"]
[SourceDate "2018.10.10"]
[SourceVersion "1"]
[SourceVersionDate "2018.10.10"]
[SourceQuality "1"]

1. e4 c5 2. Nf3 d6 3. d4 cxd4 4. Nxd4 Nf6 5. Nc3 g6 6. Be3 a6 7. Be2 b5 8. a3 Bb7 9. f3 Nc6 10. Qd2 Rc8 11. g4 Bg7 12. h4 h5 13. Nxc6 Bxc6 14. g5 Nd7 15. Bd4 0-0 16. Bxg7 Kxg7 17. 0-0-0 Qc7 18. Kb1 Nc5 19. Nd5 Qb7 20. Rhe1 Kg8 21. Bf1 a5 22. Qxa5 Ra8 23. Qd2 Bxd5 24. Qxd5 Qb6 25. c3 Rfb8 26. f4 Na4 27. Qd4 Qc5 28. f5 gxf5 29. Qxc5 dxc5 30. exf5 b4 31. axb4 cxb4 32. Kc2 bxc3 33. b3 Nc5 34. Bc4 Kf8 35. Rd5 Ra2+ 36. Kxc3 Na6 37. Red1 Nc7 38. Rd8+ Rxd8 39. Rxd8+ Kg7 40. Rd7 Ra7 41. Kb2 Kf8 42. f6 e6 43. Rd8+ 1-0

[Event "CRO-chT2 East"]
[Site "Osijek"]
[Date "2013.10.27"]
[Round "10.55"]
[White "Babic, Andrija"]
[Black "Masirevic, Miroljub"]
[Result "1-0"]
[WhiteElo "2058"]
[BlackElo "2017"]
[PlyCount "84"]
[EventDate "2013.04.20"]
[EventType "team-tourn"]
[EventRounds "11"]
[EventCountry "CRO"]
[SourceTitle "EXT 2023"]
[Source "ChessBase"]
[SourceDate "2022.10.05"]
[SourceVersion "1"]
[SourceVersionDate "2022.10.05"]
[SourceQuality "1"]

1. e4 c6 2. d4 d5 3. e5 Bf5 4. g4 Bd7 5. Nc3 e6 6. Be3 Bb4 7. Bd3 Ne7 8. Nge2 Qc8 9. a3 Ba5 10. Ng3 c5 11. dxc5 Nbc6 12. b4 Bc7 13. Nb5 Nxe5 14. Nxc7+ Qxc7 15. Be2 a6 16. 0-0 Bb5 17. Bxb5+ axb5 18. Bd4 f6 19. Qe2 0-0 20. f4 N5c6 21. Qxe6+ Kh8 22. c3 Ng6 23. Qe3 Rae8 24. Qd2 Re7 25. Nf5 Re4 26. Nd6 Re7 27. Rae1 Qd7 28. h3 Rxe1 29. Rxe1 h5 30. gxh5 Nh4 31. Qe3 Nf5 32. Qe6 Qxe6 33. Rxe6 Ncxd4 34. cxd4 Nxd4 35. Re7 Ra8 36. Rxb7 Ne2+ 37. Kf1 Nxf4 38. Nxb5 d4 39. Rd7 d3 40. c6 Re8 41. c7 Kh7 42. Rd8 d2 1-0

[Event "CRO-chT2 East"]
[Site "Osijek"]
[Date "2013.10.13"]
[Round "9.25"]
[White "Cubelic, Milan"]
[Black "Babic, Andrija"]
[Result "1/2-1/2"]
[WhiteElo "2110"]
[BlackElo "2058"]
[PlyCount "83"]
[EventDate "2013.04.20"]
[EventType "team-tourn"]
[EventRounds "11"]
[EventCountry "CRO"]
[SourceTitle "EXT 2023"]
[Source "ChessBase"]
[SourceDate "2022.10.05"]
[SourceVersion "1"]
[SourceVersionDate "2022.10.05"]
[SourceQuality "1"]

1. e4 c6 2. d4 d5 3. exd5 cxd5 4. Bd3 Nc6 5. c3 Nf6 6. h3 g6 7. Nf3 Bg7 8. 0-0 0-0 9. Nbd2 Re8 10. Re1 Qc7 11. Nf1 Nh5 12. Ne3 Nf4 13. Ng4 Nxd3 14. Qxd3 Bxg4 15. hxg4 e5 16. dxe5 Nxe5 17. Nxe5 Bxe5 18. Be3 Qd7 19. Bd4 Bxd4 20. Qxd4 Rxe1+ 21. Rxe1 Re8 22. Rxe8+ Qxe8 23. Qxa7 h5 24. gxh5 Qe1+ 25. Kh2 Qe5+ 26. Kg1 Qxh5 27. f3 Qg5 28. Qf2 Qc1+ 29. Kh2 Qh6+ 30. Kg3 Qg5+ 31. Kh3 Qh6+ 32. Qh4 Qd2 33. Qb4 Qh6+ 34. Kg3 Qg5+ 35. Qg4 Qd2 36. Qc8+ Kg7 37. Qxb7 Qg5+ 38. Kf2 Qd2+ 39. Kf1 Qd1+ 40. Kf2 Qd2+ 41. Kg3 Qg5+ 42. Kf2 1/2-1/2

[Event "CRO-chT2 East"]
[Site "Osijek"]
[Date "2013.05.12"]
[Round "6.65"]
[White "Pekarik, Branko"]
[Black "Babic, Andrija"]
[Result "1/2-1/2"]
[WhiteElo "2006"]
[BlackElo "2058"]
[PlyCount "88"]
[EventDate "2013.04.20"]
[EventType "team-tourn"]
[EventRounds "11"]
[EventCountry "CRO"]
[SourceTitle "EXT 2023"]
[Source "ChessBase"]
[SourceDate "2022.10.05"]
[SourceVersion "1"]
[SourceVersionDate "2022.10.05"]
[SourceQuality "1"]

1. b3 e5 2. Bb2 Nc6 3. e3 Nf6 4. Bb5 d6 5. Bxc6+ bxc6 6. d3 Be7 7. Nd2 0-0 8. Ngf3 Bg4 9. h3 Bh5 10. g4 Bg6 11. Nh4 Nd5 12. Nxg6 fxg6 13. Rh2 a5 14. a4 Nb4 15. Bc3 c5 16. Bxb4 cxb4 17. Qe2 d5 18. 0-0-0 Bh4 19. Rf1 Qf6 20. Kb1 Rae8 21. f3 Qd6 22. Rg1 h6 23. Rhh1 Qc5 24. Rg2 Qc3 25. Nf1 Rf7 26. Nd2 Ref8 27. g5 hxg5 28. Rg4 Rf6 29. Rc1 Qc5 30. Kb2 Qe7 31. Rf1 Kh7 32. Kb1 Qf7 33. Kb2 Qd7 34. Kb1 Qd8 35. Kb2 c6 36. Kb1 Rf5 37. Kb2 Qf6 38. Kb1 Kh8 39. Ka2 Qd6 40. Kb2 R5f7 41. Kb1 Kh7 42. Kb2 Qd8 43. Kb1 Kh8 44. Kb2 Kh7 1/2-1/2

[Event "Bosnjaci op 18th"]
[Site "Bosnjaci"]
[Date "2013.01.09"]
[Round "9"]
[White "Babic, Andrija"]
[Black "Saric, Luka"]
[Result "0-1"]
[WhiteElo "2066"]
[BlackElo "1818"]
[PlyCount "96"]
[EventDate "2013.01.03"]
[EventType "swiss"]
[EventRounds "9"]
[EventCountry "CRO"]
[SourceTitle "CBM 152 Extra"]
[Source "ChessBase"]
[SourceDate "2013.02.25"]
[SourceVersion "1"]
[SourceVersionDate "2013.02.25"]
[SourceQuality "1"]

1. e4 c5 2. c3 Nf6 3. e5 Nd5 4. d4 cxd4 5. cxd4 d6 6. Bc4 Nb6 7. Bb3 d5 8. Ne2 Bf5 9. 0-0 e6 10. Ng3 Bg6 11. Nc3 Be7 12. f4 0-0 13. f5 exf5 14. Nxf5 Bxf5 15. Rxf5 Nc6 16. Bc2 Nb4 17. Bb1 g6 18. Rf1 Bg5 19. Qg4 Bxc1 20. Rxc1 Nc6 21. a3 Rc8 22. Ba2 Nc4 23. Nxd5 Qxd5 24. Rxc4 Rcd8 25. Rb4 Qd7 26. e6 Qc7 27. exf7+ Kg7 28. Rc4 Qb6 29. b4 Ne5 30. Qe2 Nxc4 31. Qxc4 Qxd4+ 32. Qxd4+ Rxd4 33. h3 Rfd8 34. Bb3 Rd3 35. Rb1 Rc3 36. a4 Kf8 37. Kh2 Rd4 38. Be6 Re3 39. Bc8 Re7 40. a5 Rxf7 41. b5 Rc7 42. Bg4 Ra4 43. b6 axb6 44. axb6 Rf7 45. Rb2 Ra6 46. Be2 Ra5 47. Rc2 Re5 48. Rb2 Rf2 0-1

[Event "Bosnjaci op 18th"]
[Site "Bosnjaci"]
[Date "2013.01.07"]
[Round "7"]
[White "Babic, Andrija"]
[Black "Kumic, Filip"]
[Result "0-1"]
[WhiteElo "2066"]
[BlackElo "2206"]
[PlyCount "50"]
[EventDate "2013.01.03"]
[EventType "swiss"]
[EventRounds "9"]
[EventCountry "CRO"]
[SourceTitle "CBM 152 Extra"]
[Source "ChessBase"]
[SourceDate "2013.02.25"]
[SourceVersion "1"]
[SourceVersionDate "2013.02.25"]
[SourceQuality "1"]

1. e4 d6 2. Nf3 c5 3. d4 cxd4 4. Nxd4 Nf6 5. Nc3 a6 6. Bg5 e6 7. f4 Nbd7 8. Qf3 Qc7 9. 0-0-0 Be7 10. g4 b5 11. Bxf6 Nxf6 12. g5 Nd7 13. Bh3 Nb6 14. Rhe1 b4 15. Nce2 Bb7 16. Kb1 d5 17. Ng3 dxe4 18. Nxe4 0-0 19. Qg3 Bxe4 20. Rxe4 Rfd8 21. Rc1 Nc4 22. Qd3 Nd6 23. Re2 Nb5 24. Nxb5 axb5 25. Qb3 Qxf4 0-1

[Event "CRO-chT2 Ost"]
[Site "Osijek"]
[Date "2012.05.05"]
[Round "4.25"]
[White "Seric, Alen"]
[Black "Babic, Andrija"]
[Result "0-1"]
[WhiteElo "2053"]
[BlackElo "2038"]
[PlyCount "88"]
[EventDate "2012.04.21"]
[EventType "team-tourn"]
[EventRounds "11"]
[EventCountry "CRO"]
[SourceTitle "EXT 2014"]
[Source "ChessBase"]
[SourceDate "2013.11.20"]
[SourceVersion "1"]
[SourceVersionDate "2013.11.20"]
[SourceQuality "1"]

1. d4 d5 2. Nf3 Nf6 3. g3 Bf5 4. Bg2 c6 5. 0-0 e6 6. b3 Be7 7. Bb2 0-0 8. c4 h6 9. Nc3 Nbd7 10. a4 Qa5 11. Nd2 Bb4 12. Rc1 Rac8 13. e4 dxe4 14. Ndxe4 Rfd8 15. Qe2 Bg4 16. f3 Bh5 17. Na2 Nxe4 18. Qxe4 Nf6 19. Qe2 Be7 20. Bc3 Qc7 21. b4 b6 22. Qb2 Ne8 23. Rfd1 Bg5 24. Bd2 Bf6 25. Bc3 Bg6 26. f4 Nd6 27. Qe2 Nf5 28. d5 Bxc3 29. Rxc3 cxd5 30. cxd5 Qd7 31. Rxc8 Qxc8 32. Rc1 Qd7 33. Nc3 exd5 34. Bxd5 Rc8 35. Qd2 Qe7 36. b5 Rd8 37. Re1 Qc5+ 38. Kh1 Bh5 39. Rf1 Kh8 40. Qd3 Ne3 41. Rf2 Nxd5 42. Rd2 Rd7 43. Nxd5 Rxd5 44. Qxd5 Qxd5+ 0-1

[Event "CRO-chT2 Ost"]
[Site "Osijek"]
[Date "2012.04.21"]
[Round "1.65"]
[White "Tarakcija, Hazim"]
[Black "Babic, Andrija"]
[Result "1/2-1/2"]
[WhiteElo "2182"]
[BlackElo "2038"]
[PlyCount "70"]
[EventDate "2012.04.21"]
[EventType "team-tourn"]
[EventRounds "11"]
[EventCountry "CRO"]
[SourceTitle "EXT 2014"]
[Source "ChessBase"]
[SourceDate "2013.11.20"]
[SourceVersion "1"]
[SourceVersionDate "2013.11.20"]
[SourceQuality "1"]

1. d4 d5 2. Nf3 g6 3. c4 c6 4. e3 Bg7 5. Nc3 Nf6 6. cxd5 cxd5 7. Bb5+ Bd7 8. Bxd7+ Nbxd7 9. Qb3 Nb6 10. 0-0 0-0 11. Rd1 Qc7 12. Bd2 Rfc8 13. Rac1 Qd8 14. Be1 e6 15. Ne5 Ne8 16. Nd3 Nd6 17. Na4 Nbc4 18. a3 b6 19. Qa2 Ne4 20. b3 Ncd6 21. Nc3 a5 22. a4 Nxc3 23. Bxc3 Ne4 24. Be1 h5 25. Qb2 b5 26. Rxc8 Qxc8 27. Rc1 Qb7 28. Qc2 bxa4 29. bxa4 Nd6 30. Nc5 Qc6 31. Qb3 Bf8 32. Nd3 Qa6 33. Nc5 Qc6 34. Nd3 Qa6 35. Nc5 Qc6 1/2-1/2

[Event "Bosnjaci op 17th"]
[Site "Bosnjaci"]
[Date "2012.01.05"]
[Round "4"]
[White "Rosic, Slavko S"]
[Black "Babic, Andrija"]
[Result "0-1"]
[WhiteElo "2228"]
[BlackElo "2038"]
[PlyCount "229"]
[EventDate "2012.01.03"]
[EventType "swiss"]
[EventRounds "9"]
[EventCountry "CRO"]
[SourceTitle "CBM 146 Extra"]
[Source "ChessBase"]
[SourceDate "2012.02.29"]
[SourceVersion "1"]
[SourceVersionDate "2012.02.29"]
[SourceQuality "1"]

1. d4 d5 2. Nf3 Bg4 3. e3 e6 4. c4 c6 5. cxd5 Bxf3 6. Qxf3 Qxd5 7. Qd1 Nf6 8. Nc3 Bb4 9. a3 Bxc3+ 10. bxc3 0-0 11. c4 Qd8 12. Be2 Ne4 13. Bd2 Nd7 14. 0-0 Nxd2 15. Qxd2 Qc7 16. Bf3 Rfd8 17. Qb2 Rab8 18. c5 Nf6 19. Rab1 h6 20. Rfc1 Nd5 21. g3 Qa5 22. Qa1 Rd7 23. Rb3 Re8 24. Qb2 Ree7 25. Qc2 Qd8 26. Rcb1 Qf8 27. R1b2 Rc7 28. h4 Qc8 29. Qb1 Nf6 30. Be2 Qd7 31. Bf3 Ne8 32. Kg2 g6 33. Be4 f5 34. Bf3 Rg7 35. Qc2 h5 36. Rb4 Nf6 37. Rb1 Kh7 38. Re1 Re7 39. Reb1 Nd5 40. R4b3 Nf6 41. Rd1 Qe8 42. Qb2 Qf7 43. Rb1 Ng4 44. Rd3 Nf6 45. Rdd1 Nd5 46. Re1 Nf6 47. Qc3 Rcd7 48. Rb2 Rc7 49. Reb1 Nd5 50. Qd2 Nf6 51. Qc3 Nd5 52. Qb3 Red7 53. Qc2 Nf6 54. Rb3 Nd5 55. Re1 Nf6 56. Rd3 Nd5 57. Qb3 Nf6 58. e4 Kg7 59. Qc3 Kh7 60. Qc1 Kg7 61. Kg1 Rc8 62. Qb2 Kh7 63. Rb3 Rcc7 64. Rb4 Rc8 65. Qb3 Kg7 66. Bg2 Rcc7 67. Qb2 Kh7 68. f3 Rc8 69. Bf1 Rcc7 70. Bc4 fxe4 71. fxe4 Ng4 72. Rf1 Qe7 73. Qc3 Rc8 74. Be2 Nh6 75. Qe3 e5 76. Rfb1 exd4 77. Rxd4 Nf7 78. Rxd7 Qxd7 79. Kg2 Re8 80. Qf4 Re7 81. Rd1 Qe6 82. Bf3 Qa2+ 83. Rd2 Qxa3 84. Rc2 Qd3 85. Ra2 a6 86. Qf6 Qd7 87. Ra1 Ne5 88. Rd1 Qe8 89. Be2 Qf7 90. Qg5 Nd7 91. Bc4 Qf6 92. Qe3 Qe5 93. Re1 Nxc5 94. Bd3 b5 95. Bc2 a5 96. Kh2 b4 97. Rf1 b3 98. Bxb3 Nxe4 99. Bc2 Nf6 100. Qb3 Ng4+ 101. Kh1 Qd5+ 102. Qxd5 cxd5 103. Ra1 Re2 104. Bb3 d4 105. Rxa5 Re3 106. Ra7+ Kh8 107. Kg2 Rxb3 108. Rd7 Rb2+ 109. Kf1 Rf2+ 110. Kg1 Rd2 111. Kf1 d3 112. Kg1 Rd1+ 113. Kg2 d2 114. Kh3 Rh1+ 115. Kg2 0-1

[Event "Bosnjaci op 8th"]
[Site "Bosnjaci"]
[Date "2002.01.04"]
[Round "2"]
[White "Goric, Esad"]
[Black "Babic, Andrija"]
[Result "1-0"]
[WhiteElo "2292"]
[BlackElo "2129"]
[PlyCount "53"]
[EventDate "2002.01.03"]
[EventType "swiss"]
[EventRounds "7"]
[EventCountry "CRO"]
[SourceTitle "CBM 086 Extra"]
[Source "ChessBase"]
[SourceDate "2002.03.14"]
[SourceVersion "1"]
[SourceVersionDate "2002.03.14"]
[SourceQuality "1"]

1. d4 d5 2. Nf3 Bg4 3. Ne5 Bf5 4. c4 e6 5. Qb3 Nc6 6. Nxc6 bxc6 7. Nc3 Ne7 8. e3 a5 9. Be2 Qb8 10. Qd1 h6 11. 0-0 Qb4 12. a3 Qb7 13. f3 Nc8 14. e4 Bg6 15. exd5 cxd5 16. cxd5 exd5 17. Qa4+ Kd8 18. Bf4 Bd6 19. Bxd6 Nxd6 20. Nb5 Nf5 21. Rfe1 Ne3 22. Rac1 c6 23. Nd6 Qd7 24. Rxc6 Nc2 25. Rc1 Qe7 26. R1xc2 Bxc2 27. Qxc2 1-0